000 00817nam a2200217Ii 4500
003 JO-AjNU
008 230605s9999||||xx |||||||||||||| ||und||
017 _a1997/3/283
040 _aJO-AjNU
_bara
_erda
_cJO-AjNU
041 _aara
050 1 4 _aJX1245.A22.2002
100 3 _a خضير، عبد الكريم علوان ,
_eauthor
_912078
245 0 0 _aالوسيط في القانون الدولي العام : الكتاب الرابع " المنظمات الدولية "
250 _aط1
264 3 1 _aعمان : الدار العلمية الدولية - دار الثقافة ، 2002
300 _a213ص
336 _atext
_btxt
_2rdacontent
337 _aunmediated
_bn
_2rdamedia
338 _avolume
_bnc
_2rdacarrier
650 4 _aالعلوم الاجتماعية -- القانون الدولي
_912079
999 _aA2656
_c6224
_d6224